Archiwum górnictwa i hutnictwa.
Uložené v:
| Nový názov: | Archiwum Górnictwa Archiwum Hutnictwa |
|---|---|
| Médium: | Časopis |
| Jazyk: | Polish |
| Vydané: |
Warszawa :
Polska Akademia Nauk,
1953-1955.
|
| Tagy: |
Pridať tag
Žiadne tagy, Buďte prvý kto otaguje tento záznam!
|
Titul je dostupný aj v ... 

MARC
| LEADER | 00000nas a2200000 a 4500 | ||
|---|---|---|---|
| 001 | 000311908 | ||
| 003 | SVKK | ||
| 005 | 20220629131327.0 | ||
| 008 | 040831d19531955pl qr|p|||||||0|||b0pol|c | ||
| 022 | |a 0518-3774 | ||
| 040 | |a KE001 |b slo |e AACR2 | ||
| 041 | 0 | |a pol | |
| 044 | |a pl |c PL | ||
| 210 | 0 | |a Arch. Gór. Hut. | |
| 222 | 0 | |a Archiwum Górnictwa i Hutnictwa | |
| 245 | 0 | 0 | |a Archiwum górnictwa i hutnictwa. |
| 260 | |a Warszawa : |b Polska Akademia Nauk, |c 1953-1955. | ||
| 310 | |a 4x ročne | ||
| 362 | 0 | |a 1 (1953)-3 (1955) | |
| 785 | 0 | 0 | |t Archiwum Górnictwa |x 0004-0754 |
| 785 | 0 | 0 | |t Archiwum Hutnictwa |x 0860-7001 |
| 910 | |a KE001 |b B.1094 | ||
| 998 | |a SE | ||
| 090 | |g CASOS |k Sklad Pribinova 1. posch. |a B.1094 |j 15208 |i 2720903739 |4 Zastarané |s Vyradená | ||
| 090 | |g CASOS |k Sklad Pribinova 1. posch. |a B.1094 |j 15210 |i 2720903793 |4 Zastarané |7 duplikát |s Vyradená | ||
| 090 | |g CASOS |k Sklad Pribinova 1. posch. |a B.1094 |j 37849 |i 2720903792 |4 Zastarané |7 duplikát |s Vyradená | ||
| 090 | |g CASOS |k Sklad Pribinova 1. posch. |a B.1094 |j 6969 |i 2720903754 |4 Zastarané |s Vyradená | ||
| 090 | |g CASOS |k Sklad Pribinova 1. posch. |a B.1094 |j 6970 |i 2720903755 |4 Zastarané |s Vyradená | ||